Kôň na úteku

Bibliographic Details
Main Author: Walser, Martin, 1927- (Author)
Other Authors: Bžochová, Perla, 1935-1999 (Translator)
Format: Article
Language:Slovak
Subjects:

MARC

LEADER 00000nab a2200000 a 4500
001 vtls000117707
003 SK-MaSNL
005 20260304074450.0
008 250422c1982 xo 0 slo
015 |a SNBRB19rr/mm-uuuuu 
035 |a CL0127812 
035 |a urn:nbn:sk:snk-abbb2c 
035 |a (urnnbn)urn:nbn:sk:snk:ar-006hgx 
035 |a (uuid)39749852-689d-42be-aa8d-fb7c9b16e0e2 
040 |a SNKBUCL  |b slo  |c SNKBUCL  |e AACR2 
041 0 |a slo 
044 |a xo  |c SK 
080 |a 830-3  |2 1981 
100 1 |a Walser, Martin,  |d 1927-  |4 aut  |9 87357 
245 1 0 |a Kôň na úteku  |c Martin Walser ; Perla Bžochová 
650 0 7 |a novely psychologické  |2 snkbucl  |9 898706 
655 7 |a články z novín a časopisov  |2 snkbucl  |9 267496 
700 1 |a Bžochová, Perla,  |d 1935-1999  |4 trl  |9 36919 
773 0 |t Revue svetovej literatúry  |g Roč. 18, č. 2 (1982), s. 59-79 
850 |a Slovenská národná knižnica 
852 |a Slovenská národná knižnica 
958 |a article15 
958 |a OND 
958 |a RK 
958 |a LX 
958 |a EUIPO 
999 |c 2776321  |d 2778251